In the footsteps of the prophet (Record no. 1016)
[ view plain ]
| 000 -LEADER | |
|---|---|
| fixed length control field | 01749nam a2200349 a 4500 |
| 082 04 - DEWEY DECIMAL CLASSIFICATION NUMBER | |
| Classification number | 297.6/3 |
| -- | B |
| 100 1# - MAIN ENTRY--AUTHOR NAME | |
| Personal name | Ramadan, Tariq. |
| 245 10 - TITLE STATEMENT | |
| Title | In the footsteps of the prophet |
| 260 ## - PUBLICATION, DISTRIBUTION, ETC. (IMPRINT) | |
| Place of publication | New York, NY : |
| Name of publisher | Oxford University Press, |
| Year of publication | 2007. |
| 300 ## - PHYSICAL DESCRIPTION | |
| Number of Pages | xii, 242 p. |
| 505 0# - FORMATTED CONTENTS NOTE | |
| Formatted contents note | Encounter with the sacred -- Birth and education -- Personality and spiritual quest -- Revelation, knowledge -- The message and adversity -- Resistance, humility, and exile -- Trials, elevation, and hopes -- Hijrah -- Medina, life, and war -- Teachings and defeat -- Tricks and treason -- A dream, peace -- Coming home -- At home, over there -- Debtless -- In history, for eternity. |
| 650 #0 - SUBJECT ADDED ENTRY--TOPICAL TERM | |
| Topical Term | Muslims |
| Topical Term | Islamic ethics. |
| 856 40 - ELECTRONIC LOCATION AND ACCESS | |
| Uniform Resource Identifier | http://site.ebrary.com/lib/rucke/Doc?id=10288358 |
No items available.
